[Event "St Petersburg blitz prelim"]
[Site "St Petersburg"]
[Date "2013.12.22"]
[Round "1"]
[White "Alekseev, Evgeny V"]
[Black "Khamidulin, Viacheslav"]
[Result "1-0"]
[WhiteElo "2698"]
[BlackElo "2186"]
[PlyCount "85"]
[EventDate "2013.12.22"]
[EventType "swiss (blitz)"]
[EventRounds "11"]
[EventCountry "RUS"]
[SourceTitle "CBM 158 Extra"]
[Source "ChessBase"]
[SourceDate "2014.02.28"]
[SourceVersion "1"]
[SourceVersionDate "2014.02.28"]
[SourceQuality "1"]

1. e4 g6 2. d4 Bg7 3. Nf3 d6 4. Nc3 Nf6 5. Be2 0-0 6. 0-0 Bg4 7. Be3 Nc6 8. h3 Bxf3 9. Bxf3 e5 10. dxe5 dxe5 11. Ne2 Qe7 12. c3 Rfd8 13. Qc2 Rd7 14. Rad1 Rad8 15. Nc1 Ne8 16. Rxd7 Rxd7 17. Rd1 Bf6 18. Rxd7 Qxd7 19. Qd3 Qd6 20. Bd1 Kg7 21. Ba4 a6 22. f3 h6 23. Qxd6 cxd6 24. Nd3 Nc7 25. Bb6 Ne6 26. Bxc6 bxc6 27. Nb4 Bg5 28. Nxc6 Bc1 29. b4 Nf4 30. Kf1 Bd2 31. c4 Kf8 32. a4 Ke8 33. b5 axb5 34. cxb5 Kd7 35. a5 Ne6 36. a6 Kc8 37. Ke2 Bg5 38. Kd3 f5 39. Kc4 Nc7 40. Nb4 Bd8 41. Bxc7 Bxc7 42. Nd5 Ba5 43. b6 1-0

[Event "St Petersburg op"]
[Site "St Petersburg"]
[Date "2009.01.10"]
[Round "8"]
[White "Khamidulin, Viacheslav"]
[Black "Kiseleva, Arina"]
[Result "1-0"]
[WhiteElo "2195"]
[BlackElo "1830"]
[PlyCount "43"]
[EventDate "2009.01.03"]
[EventType "swiss"]
[EventRounds "9"]
[EventCountry "RUS"]
[SourceTitle "EXT 2010"]
[Source "ChessBase"]
[SourceDate "2010.11.25"]
[SourceVersion "1"]
[SourceVersionDate "2010.11.25"]
[SourceQuality "1"]

1. Nf3 Nf6 2. c4 e6 3. g3 d5 4. Bg2 Be7 5. 0-0 0-0 6. d4 Nbd7 7. Nbd2 b6 8. cxd5 exd5 9. Ne5 Bb7 10. Ndf3 Nxe5 11. Nxe5 Nd7 12. Nd3 Rc8 13. Bf4 Bg5 14. Qa4 a5 15. Bxg5 Qxg5 16. Qxd7 Rfe8 17. Ne5 Rf8 18. Rac1 Ba6 19. Bxd5 Bxe2 20. Nxf7 Qh5 21. Ng5+ Kh8 22. Ne6 1-0

[Event "St Petersburg op"]
[Site "St Petersburg"]
[Date "2009.01.03"]
[Round "1"]
[White "Khamidulin, Viacheslav"]
[Black "Kuzmin, Egor"]
[Result "1-0"]
[WhiteElo "2195"]
[BlackElo "1961"]
[PlyCount "59"]
[EventDate "2009.01.03"]
[EventType "swiss"]
[EventRounds "9"]
[EventCountry "RUS"]
[SourceTitle "EXT 2010"]
[Source "ChessBase"]
[SourceDate "2010.11.25"]
[SourceVersion "1"]
[SourceVersionDate "2010.11.25"]
[SourceQuality "1"]

1. Nf3 Nf6 2. c4 c5 3. d4 cxd4 4. Nxd4 d6 5. Nc3 g6 6. e4 Bg7 7. Be2 0-0 8. 0-0 Nc6 9. Be3 Bd7 10. Rc1 b6 11. f3 Rc8 12. Qd2 Ne8 13. Ndb5 Nc7 14. Nd5 Nxb5 15. cxb5 Ne5 16. f4 Rxc1 17. Rxc1 Ng4 18. Bxg4 Bxg4 19. Rc7 Bd7 20. Rxa7 e6 21. Bxb6 Qb8 22. Rxd7 exd5 23. Qa5 dxe4 24. Be3 h5 25. b6 Qc8 26. Rxd6 Qc2 27. Qb5 Qb1+ 28. Kf2 Qc2+ 29. Rd2 Qc1 30. b7 1-0

[Event "Petrovskaya Ladya IM"]
[Site "Peterhof"]
[Date "2007.01.07"]
[Round "6"]
[White "Khamidulin, Viacheslav"]
[Black "Borisova, Elizaveta"]
[Result "0-1"]
[WhiteElo "2220"]
[BlackElo "2252"]
[PlyCount "74"]
[EventDate "2007.01.03"]
[EventType "tourn"]
[EventRounds "11"]
[EventCountry "RUS"]
[EventCategory "1"]
[SourceTitle "CBM 116 Extra"]
[Source "ChessBase"]
[SourceDate "2007.03.07"]
[SourceVersion "1"]
[SourceVersionDate "2007.03.07"]
[SourceQuality "1"]

1. d4 Nf6 2. c4 c5 3. d5 e6 4. Nc3 exd5 5. cxd5 d6 6. e4 g6 7. f4 Bg7 8. Bb5+ Nfd7 9. Bd3 0-0 10. Nf3 Na6 11. 0-0 Nc7 12. Kh1 a6 13. a4 b6 14. Bd2 Bb7 15. Be1 Nf6 16. f5 Qd7 17. Qd2 b5 18. axb5 axb5 19. Rxa8 Rxa8 20. e5 dxe5 21. Nxe5 Qd6 22. Nxf7 Kxf7 23. fxg6+ Kg8 24. Bg3 Qb6 25. d6 Ncd5 26. Be5 c4 27. Nxd5 Bxd5 28. gxh7+ Kh8 29. Qg5 Qd8 30. Bb1 Ra1 31. Bxf6 Qxf6 32. Qc1 Qxd6 33. Qe3 Qe6 34. Qc5 Rxb1 35. Rxb1 Bxg2+ 36. Kxg2 Qe4+ 37. Kh3 Qf3+ 0-1

[Event "Petrovskaya Ladya IM"]
[Site "Peterhof"]
[Date "2007.01.05"]
[Round "4"]
[White "Khamidulin, Viacheslav"]
[Black "Levin, Evgeny A"]
[Result "1/2-1/2"]
[WhiteElo "2220"]
[BlackElo "2393"]
[PlyCount "54"]
[EventDate "2007.01.03"]
[EventType "tourn"]
[EventRounds "11"]
[EventCountry "RUS"]
[EventCategory "1"]
[SourceTitle "CBM 116 Extra"]
[Source "ChessBase"]
[SourceDate "2007.03.07"]
[SourceVersion "1"]
[SourceVersionDate "2007.03.07"]
[SourceQuality "1"]

1. d4 Nf6 2. c4 g6 3. Nc3 Bg7 4. e4 d6 5. Be2 0-0 6. Nf3 e5 7. 0-0 Na6 8. Re1 c6 9. Bf1 Bg4 10. Be3 Nh5 11. d5 c5 12. h3 Bd7 13. Rb1 Qe8 14. Nb5 Qe7 15. a3 f5 16. exf5 Bxf5 17. Rc1 Nf6 18. Ng5 Nc7 19. Nc3 h6 20. Nf3 b6 21. b4 Qd8 22. Nd2 g5 23. f3 Qe8 24. Nde4 Nxe4 25. Nxe4 Bxe4 26. fxe4 Qg6 27. Qg4 Rf7 1/2-1/2

[Event "Petrovskaya Ladya IM"]
[Site "Peterhof"]
[Date "2007.01.03"]
[Round "1"]
[White "Khamidulin, Viacheslav"]
[Black "Kaliberda, Vladimir"]
[Result "1/2-1/2"]
[WhiteElo "2220"]
[BlackElo "2354"]
[PlyCount "27"]
[EventDate "2007.01.03"]
[EventType "tourn"]
[EventRounds "11"]
[EventCountry "RUS"]
[EventCategory "1"]
[SourceTitle "CBM 116 Extra"]
[Source "ChessBase"]
[SourceDate "2007.03.07"]
[SourceVersion "1"]
[SourceVersionDate "2007.03.07"]
[SourceQuality "1"]

1. e4 e5 2. Nf3 Nc6 3. Bb5 a6 4. Ba4 Nf6 5. 0-0 Be7 6. Re1 b5 7. Bb3 0-0 8. c3 d6 9. h3 Na5 10. Bc2 c5 11. d3 Qc7 12. Nbd2 Bb7 13. Nf1 Nc6 14. Ng3 1/2-1/2

[Event "RUS-Cup07"]
[Site "Togliatti"]
[Date "2001.08.15"]
[Round "8"]
[White "Khamatgaleev, Alexej"]
[Black "Khamidulin, Viacheslav"]
[Result "1/2-1/2"]
[WhiteElo "2412"]
[BlackElo "2213"]
[PlyCount "63"]
[EventDate "2001.08.08"]
[EventType "swiss"]
[EventRounds "9"]
[EventCountry "RUS"]
[SourceTitle "CBM 083 Extra"]
[Source "ChessBase"]
[SourceDate "2001.09.11"]
[SourceVersion "1"]
[SourceVersionDate "2001.09.11"]
[SourceQuality "1"]

1. e4 e5 2. Nf3 Nc6 3. Nc3 Nf6 4. Bb5 Bb4 5. 0-0 0-0 6. d3 Bxc3 7. bxc3 d6 8. Bg5 Qe7 9. Re1 Nd8 10. d4 Ne6 11. Bc1 Rd8 12. Bf1 c5 13. d5 Nf8 14. g3 Ng6 15. Bg2 h6 16. Rb1 Qc7 17. c4 Bd7 18. Bd2 Rdb8 19. Bc3 a6 20. Nd2 b5 21. f4 b4 22. Bb2 exf4 23. gxf4 Nxf4 24. Bxf6 Nxg2 25. Kxg2 gxf6 26. Qf3 Kh7 27. Qxf6 Rg8+ 28. Kh1 Bh3 29. Rg1 Rg6 30. Rxg6 fxg6 31. Rb3 Qd7 32. Rxh3 1/2-1/2

[Event "St Petersburg White Nights op"]
[Site "St Petersburg"]
[Date "1998.06.24"]
[Round "5"]
[White "Khamidulin, Viacheslav"]
[Black "Ljavdansky, Vladimir"]
[Result "0-1"]
[WhiteElo "2245"]
[BlackElo "2320"]
[PlyCount "40"]
[EventDate "1998.06.??"]
[EventType "swiss"]
[EventRounds "9"]
[EventCountry "RUS"]
[SourceTitle "EXT 1999"]
[Source "ChessBase"]
[SourceDate "1998.11.16"]
[SourceVersion "1"]
[SourceVersionDate "1998.11.16"]
[SourceQuality "1"]

1. d4 d5 2. c4 c6 3. Nf3 Nf6 4. cxd5 cxd5 5. Nc3 Nc6 6. Bf4 Bf5 7. e3 e6 8. Bb5 Nd7 9. Qa4 Rc8 10. 0-0 a6 11. Be2 Be7 12. Rac1 0-0 13. Nd2 Nb6 14. Qd1 Na5 15. f3 Qd7 16. Kh1 Bg6 17. Qe1 Bb4 18. g4 Na4 19. Nxa4 Qxa4 20. a3 Bxd2 0-1

[Event "RUS-Cup01 Chigorin Memorial"]
[Site "St Petersburg"]
[Date "1997.11.07"]
[Round "7"]
[White "Bagrunov, Vladimir"]
[Black "Khamidulin, Viacheslav"]
[Result "0-1"]
[WhiteElo "2190"]
[BlackElo "2315"]
[PlyCount "62"]
[EventDate "1997.11.01"]
[EventType "swiss"]
[EventRounds "9"]
[EventCountry "RUS"]
[SourceTitle "CBM 061 Extra"]
[Source "ChessBase"]
[SourceDate "1998.03.09"]
[SourceVersion "1"]
[SourceVersionDate "1998.03.09"]
[SourceQuality "1"]

1. e3 d6 2. b3 e5 3. Bb2 Nf6 4. c4 Nbd7 5. d4 Qe7 6. Nc3 c6 7. dxe5 Nxe5 8. Qd4 Nfd7 9. Ne4 f5 10. Ng3 Nc5 11. Nf3 f4 12. Ne4 Nxf3+ 13. gxf3 Nxe4 14. fxe4 Bg4 15. Bd3 c5 16. Qd5 fxe3 17. 0-0 exf2+ 18. Rxf2 Be6 19. Qh5+ g6 20. Qe2 Bg7 21. e5 0-0-0 22. exd6 Rxd6 23. Be4 Bxb2 24. Qxb2 Qg5+ 25. Bg2 Rhd8 26. Raf1 Rd2 27. Qg7 R8d7 28. Qf8+ Kc7 29. Qa8 Kb6 30. Qe8 Qe3 31. Bd5 R7xd5 0-1